000 01670nam a2200385 c 4500
999 _c47103
_d47103
003 BLK
005 20200422085342.0
008 180408b bul|||||r ||||||| ||bul||
010 _aKNG00050912000
040 _aBLK
041 _aBUL
_cBUL
072 7 _2bullib
_aА
_xФонд Михаил Арнаудов
072 7 _2bullib
_aЯ
_xАвтографи
080 _aПраво
_b34
_x(497.2)(092)
_z34(497.2)(092)
080 _aБългарски юрист, публицист, и политик
_b929 Бобчев, Стефан Савов
_z929 Бобчев, Стефан Савов
139 _aВъзхвала
_bБ 53
245 1 0 _aВъзхвала
_bСб. в чест на Стефан Бобчев 1871-1921
_cпод ред. на Христо Цанков-Дерижан.
257 _aBGR
260 _c1921
_fСофия : Държ. печ.
300 _a268 с.
_bс ил., 1 л. : портр.
_c28 см
380 _a3
490 _9396381
_aЧастна колекция - Академик Михаил Арнаудов
_gДарение - Основен фонд
500 _aПодчертавания в съдържанието на кн. ; Автограф с текст: На любимия д-р Мих. Арнаудов. 29. VІІІ. 921 г. Хр. Цанков. - Мека подв.
600 1 4 _aБобчев, Стефан Савов
_9366175
650 4 _aПрависти, български
_9275976
653 _aправисти
653 _aСтефан Бобчев
659 _aА
659 _aЯ
700 1 _aЦанков-Дерижан, Христо
_eпод ред. на
_9281187
852 _aМА 2983
_bМА
856 4 _qpdf
856 4 _qpdf
942 _cKNG
_n0
_s1
944 _aCR
_c01.03.2017
_kГеновева_Генчева
944 _aED
_c01.03.2017
_kГеновева_Генчева
999 _d47103